[Event "25th Abu Dhabi Master 2018"]
[Site "Abu Dhabi"]
[Date "2018.08.07"]
[Round "1"]
[White "Nitin, Shankar Madhu"]
[Black "Esenbek Uulu, Ilimbek"]
[Result "1-0"]
[WhiteElo "1982"]
[BlackElo "2159"]
[Annotator "NA"]
[PlyCount "143"]
[EventDate "2018.08.05"]
[EventType "swiss"]
[EventCountry "UAE"]
[SourceTitle "playchess.com"]
[Source "ChessBase"]
[SourceQuality "1"]
[TimeControl "5400+30"]

1. Nf3 {[%emt 0:00:20]} Nf6 {[%emt 0:01:08]} 2. g3 {[%emt 0:00:44]} b6 {[%emt 0:03:28]} 3. Bg2 {[%emt 0:00:20]} Bb7 {[%emt 0:00:07]} 4. O-O {[%emt 0:00:22]} c5 {[%emt 0:01:47]} 5. d3 {[%emt 0:02:34]} d6 {[%emt 0:01:56]} 6. e4 {[%emt 0:01:32]} Nbd7 {[%emt 0:00:06]} 7. Nc3 {[%emt 0:01:50]} g6 {[%emt 0:00:46]} 8. Nh4 {[%emt 0:00:48]} b5 {[%emt 0:06:15]} 9. Nxb5 {[%emt 0:01:58]} Qb6 {[%emt 0:00:11]} 10. Na3 {[%emt 0:01:15]} Bg7 {[%emt 0:04:38]} 11. Nc4 {[%emt 0:01:19]} Qa6 {[%emt 0:00:19]} 12. Qe2 {[%emt 0:06:30]} O-O {[%emt 0:00:53]} 13. Bd2 {[%emt 0:01:58]} Rab8 {[%emt 0:11:08]} 14. Bc3 {[%emt 0:04:10]} Rfe8 {[%emt 0:01:00]} 15. Rfe1 {[%emt 0:08:07]} e5 {[%emt 0:09:29]} 16. Ne3 {[%emt 0:09:39]} Nb6 {[%emt 0:00:42]} 17. b3 {[%emt 0:14:38]} d5 {[%emt 0:01:29]} 18. Ng4 {[%emt 0:02:45]} h5 {[%emt 0:17:32]} 19. Nxf6+ {[%emt 0:01:58]} Bxf6 {[%emt 0:00:19]} 20. Nf3 {[%emt 0:01:39]} Bg7 {[%emt 0:09:20]} 21. a4 {[%emt 0:02:37]} c4 {[%emt 0:03:14]} 22. dxc4 {[%emt 0:03:38]} dxc4 {[%emt 0:02:00]} 23. Bf1 {[%emt 0:01:11]} Rbc8 {[%emt 0:04:16]} 24. Qe3 {[%emt 0:02:19]} f5 {[%emt 0:06:21]} 25. a5 {[%emt 0:00:52]} Nd7 {[%emt 0:00:06]} 26. Nd2 {[%emt 0:03:38]} Nf6 {[%emt 0:10:39]} 27. Bxc4+ {[%emt 0:07:07]} Rxc4 {[%emt 0:00:08]} 28. bxc4 {[%emt 0:00:07]} fxe4 {[%emt 0:00:15]} 29. Rab1 {[%emt 0:00:54]} Ng4 {[%emt 0:01:15]} 30. Qe2 {[%emt 0:01:55]} e3 {[%emt 0:00:13]} 31. fxe3 {[%emt 0:00:09]} Bh6 {[%emt 0:00:05]} 32. Nf1 {[%emt 0:01:18]} Rf8 {[%emt 0:01:11]} 33. e4 {[%emt 0:03:47]} Ba8 {[%emt 0:02:42]} 34. Bd2 {[%emt 0:01:02]} Bxd2 {[%emt 0:01:10]} 35. Nxd2 {[%emt 0:00:23]} Qxa5 {[%emt 0:00:04]} 36. Rf1 {[%emt 0:02:20]} Qc5+ {[%emt 0:00:13]} 37. Kh1 {[%emt 0:00:07]} Rd8 {[%emt 0:00:50]} 38. Rbe1 {[%emt 0:00:21]} a5 {[%emt 0:01:08]} 39. h3 {[%emt 0:00:17]} Ne3 {[%emt 0:00:12]} 40. Qxe3 {[%emt 0:00:36]} Qxe3 {[%emt 0:00:04]} 41. Rxe3 {[%emt 0:00:08]} Rxd2 {[%emt 0:00:01]} 42. Rb1 {[%emt 0:02:12]} Kg7 {[%emt 0:00:15]} 43. Rb5 {[%emt 0:02:12]} a4 {[%emt 0:00:45]} 44. Rxe5 {[%emt 0:00:10]} Rxc2 {[%emt 0:00:11]} 45. Ra5 {[%emt 0:00:26]} Bc6 {[%emt 0:00:07]} 46. Rc5 {[%emt 0:00:38]} a3 {[%emt 0:02:19]} 47. Rxc6 {[%emt 0:00:21]} Rc1+ {[%emt 0:00:05]} 48. Kg2 {[%emt 0:00:15]} a2 {[%emt 0:00:02]} 49. Ra3 {[%emt 0:01:52]} a1=Q {[%emt 0:00:28]} 50. Rxa1 {[%emt 0:00:05]} Rxa1 {[%emt 0:00:05]} 51. h4 {[%emt 0:00:24]} Ra3 {[%emt 0:00:37]} 52. Kf2 {[%emt 0:00:09]} Kf7 {[%emt 0:00:06]} 53. e5 {[%emt 0:00:21]} Rc3 {[%emt 0:00:11]} 54. c5 {[%emt 0:00:28]} Rc2+ {[%emt 0:00:26]} 55. Kf3 {[%emt 0:01:48]} Rc3+ {[%emt 0:00:03]} 56. Kf4 {[%emt 0:00:51]} Rc4+ {[%emt 0:00:03]} 57. Kg5 {[%emt 0:00:40]} Rg4+ {[%emt 0:00:07]} 58. Kh6 {[%emt 0:00:04]} Rxg3 {[%emt 0:00:04]} 59. Rf6+ {[%emt 0:00:03]} Ke7 {[%emt 0:00:10]} 60. Rxg6 {[%emt 0:00:06]} Rc3 {[%emt 0:00:24]} 61. c6 {[%emt 0:00:14]} Rc5 {[%emt 0:00:34]} 62. c7 {[%emt 0:01:17]} Kd7 {[%emt 0:00:11]} 63. Rg7+ {[%emt 0:00:05]} Kc8 {[%emt 0:00:05]} 64. Re7 {[%emt 0:00:15]} Rc2 {[%emt 0:00:20]} 65. Kxh5 {[%emt 0:00:11]} Rg2 {[%emt 0:00:10]} 66. Kh6 {[%emt 0:00:12]} Rg4 {[%emt 0:00:18]} 67. h5 {[%emt 0:00:10]} Rg3 {[%emt 0:00:06]} 68. Kh7 {[%emt 0:00:15]} Rg5 {[%emt 0:00:13]} 69. h6 {[%emt 0:00:05]} Rg3 {[%emt 0:00:11]} 70. e6 {[%emt 0:00:12]} Rg5 {[%emt 0:00:41]} 71. Rg7 {[%emt 0:00:08]} Re5 {[%emt 0:00:08]} 72. e7 {[%emt 0:00:21]} 1-0

[Event "25th Abu Dhabi Master 2018"]
[Site "Abu Dhabi"]
[Date "2018.08.07"]
[Round "1"]
[White "Al Zaabi, Sultan"]
[Black "Saravana, Krishnan P"]
[Result "0-1"]
[WhiteElo "1945"]
[BlackElo "2348"]
[Annotator "NA"]
[PlyCount "60"]
[EventDate "2018.08.05"]
[EventType "swiss"]
[EventCountry "UAE"]
[SourceTitle "playchess.com"]
[Source "ChessBase"]
[SourceQuality "1"]
[TimeControl "5400+30"]

1. Nf3 {[%emt 0:00:00]} Nf6 {[%emt 0:00:00]} 2. d4 {[%emt 0:00:00]} d5 {[%emt 0:00:04]} 3. g3 {[%emt 0:00:00]} c6 {[%emt 0:00:39]} 4. Bg2 {[%emt 0:00:02]} Bf5 {[%emt 0:01:16]} 5. O-O {[%emt 0:00:11]} h6 {[%emt 0:00:18]} 6. c4 {[%emt 0:00:07]} e6 {[%emt 0:01:09]} 7. Qb3 {[%emt 0:00:29]} Qb6 {[%emt 0:01:44]} 8. c5 {[%emt 0:00:06]} Qxb3 {[%emt 0:06:29]} 9. axb3 {[%emt 0:00:01]} Na6 {[%emt 0:00:41]} 10. Bf4 {[%emt 0:07:07]} Nd7 {[%emt 0:03:18]} 11. Nc3 {[%emt 0:02:11]} g5 {[%emt 0:02:34]} 12. Be3 {[%emt 0:00:21]} Be7 {[%emt 0:08:55]} 13. Ra4 {[%emt 0:09:56]} Nc7 {[%emt 0:05:19]} 14. b4 {[%emt 0:06:55]} O-O {[%emt 0:02:04]} 15. Rfa1 {[%emt 0:04:01]} a6 {[%emt 0:00:06]} 16. h4 {[%emt 0:14:37]} f6 {[%emt 0:02:36]} 17. Nd2 {[%emt 0:06:02]} Kh7 {[%emt 0:05:50]} 18. hxg5 {[%emt 0:01:18]} hxg5 {[%emt 0:02:56]} 19. f4 {[%emt 0:04:09]} gxf4 {[%emt 0:09:46]} 20. gxf4 {[%emt 0:00:11]} Bc2 {[%emt 0:00:53]} 21. R4a3 {[%emt 0:01:02]} f5 {[%emt 0:00:21]} 22. Nf3 {[%emt 0:00:56]} Nf6 {[%emt 0:02:04]} 23. Ne5 {[%emt 0:13:30]} Rg8 {[%emt 0:04:32]} 24. Bf2 {[%emt 0:05:49]} Nh5 {[%emt 0:06:15]} 25. e3 {[%emt 0:02:14]} Nb5 {[%emt 0:06:55]} 26. Nxb5 {[%emt 0:05:36]} Be4 {[%emt 0:00:46]} 27. Nc7 {[%emt 0:00:35]} Rxg2+ {[%emt 0:00:07]} 28. Kf1 {[%emt 0:00:04]} Rag8 {[%emt 0:00:24]} 29. Nxe6 {[%emt 0:00:57]} Ng3+ {[%emt 0:01:20]} 30. Ke1 {[%emt 0:00:00]} Nh1 {[%emt 0:00:00]} 0-1

[Event "25th Abu Dhabi Master 2018"]
[Site "Abu Dhabi"]
[Date "2018.08.07"]
[Round "1"]
[White "Patil, Pratik"]
[Black "Andersen, Mads"]
[Result "0-1"]
[WhiteElo "1911"]
[BlackElo "2601"]
[Annotator "TA"]
[PlyCount "80"]
[EventDate "2018.08.05"]
[EventType "swiss"]
[EventCountry "UAE"]
[SourceTitle "playchess.com"]
[Source "ChessBase"]
[SourceQuality "1"]

{[%evp 17,80,0,0,-35,-33,-33,-17,-12,-20,-179,-193,-182,-174,-319,-258,-282,-327,-439,-440,-409,-347,-325,-323,-375,-374,-361,-195,-198,-206,-191,-96,-193,-193,-200,-195,-196,-190,-243,-218,-450,-446,-439,-423,-383,-230,-230,-225,-233,-237,-231,-217,-289,-283,-298,-314,-879,-346,-809,-807,-5143,-4910,-29996,-29997,-29997,-29998]} 1. e4 {[%cal Be2e4,Be4e5][%mdl 32] Rogozenco,D} c5 2. c3 Nf6 3. e5 Nd5 4. d4 cxd4 5. Nf3 d6 6. cxd4 Nc6 7. Bc4 dxe5 8. Nxe5 e6 9. O-O Bd6 {LiveBook: 28 Games. B22: Sicilian: 2 c3} 10. Qg4 $146 {aiming for Bxd5.} ({Predecessor:} 10. Bxd5 exd5 11. Bf4 Bxe5 12. Bxe5 O-O 13. Re1 Bf5 14. Nc3 Qd7 15. Qd2 Rfe8 16. Bg3 Rxe1+ 17. Rxe1 {½-½ (32) Nisipeanu,L (2674)-Radjabov,T (2723) Bucharest 2013 CBM 157 [Rogozenco,D]}) 10... Nxe5 11. dxe5 Bxe5 {Black is slightly better.} 12. Re1 Nf6 13. Qxg7 $2 (13. Qe2 $11 Bd4 14. Nd2) 13... Rg8 $19 14. Qh6 Ng4 $1 {[%cal Rg4h6]} 15. Qxh7 (15. Bb5+ $142 Bd7 16. Qxh7) 15... Rh8 $1 16. Bb5+ Kf8 $1 ({Weaker is} 16... Bd7 17. Qd3 $17) 17. Qc2 Bxh2+ 18. Kf1 Be5 19. Rxe5 Nxe5 20. Qc5+ Kg8 {[%cal Rd8d1]} 21. Nc3 Nd3 (21... Rh1+ $142 22. Ke2 f6) 22. Bxd3 Qxd3+ $40 {[%mdl 128] White is in trouble.} 23. Kg1 {[#]} Bd7 (23... f6 $1 $19 {Threatens to win with ...Qh7.} 24. Qe7 Qh7 25. Qd8+ Kf7 26. Qc7+ Ke8 27. Qxh7 Rxh7) 24. Be3 (24. Qg5+ $17 Qg6 25. Qxg6+ fxg6 26. Bg5) 24... Qg6 25. f3 Bc6 {...Rh5 is the strong threat.} 26. Kf2 Rh5 27. Qe7 (27. Qd6 $142) 27... Kh7 28. Rd1 $2 (28. Qd6 {is a better defense.}) 28... Rg8 29. Rg1 Rh2 {[%cal Rh2g2]} 30. Ke1 Bxf3 {White must now prevent ...Qg3+.} 31. Qc7 e5 32. Qxe5 Rh5 33. Qf4 Bc6 34. g4 Rh3 35. Rg3 Rh1+ 36. Kf2 $2 (36. Bg1) 36... Re8 $2 (36... Qc2+ 37. Bd2 Rh2+ 38. Ke1 Re8+ 39. Kf1 Rh1+ 40. Kf2 {[#]} Qxd2+ $1 {[%mdl 512]} 41. Qxd2 Rh2+ 42. Kf1 Rxd2) 37. Rg1 $2 (37. Qf5) 37... Rh3 38. Rg3 Qc2+ 39. Ne2 Rh2+ 40. Kg1 Qd1+ {Precision: White = 29%, Black = 67%.} 0-1